000 00516cam a22002051 4500
001 sa 66003600
003 DLC
005 20260227112237.0
008 911029s1964 ii 000 0 tam
010 _asa 66003600
035 _a(OCoLC)24639635
040 _aDLC
_cNRU
_dDLC
050 0 0 _aPK840
_b.C5
100 1 _aCitamparanāta Mutaliyār, Ṭi. Kē.,
_d1882-1954.
245 1 0 _aAr̲puta rasam.
260 _c[1964]
300 _a60 p.
_c18 cm.
500 _aIn Tamil.
650 0 _aSanskrit language
_xStyle.
999 _c68985
_d68985